Menová teória a politika

Uložené v:
Podrobná bibliografia
Hlavný autor: Thomas, Gustáv
Korporativný autor: Vysoká škola ekonomická v Bratislave. Národohospodárska fakulta
Ďalší autori: Jusko, Marián
Médium: Kniha
Jazyk:Slovak
Vydavateľské údaje: Bratislava VŠE 1990
Vydanie:1. vyd.
Tagy: Pridať tag
Žiadne tagy, Buďte prvý, kto otaguje tento záznam!

MARC

LEADER 00000nam a2200000 4500
001 c026734
005 20221215070838.7
020 |a 80-225-0119-0 
041 0 |a slo 
044 |a SK 
245 1 0 |a Menová teória a politika  |c Gustáv Thomas, Marián Jusko 
250 |a 1. vyd. 
264 1 |a Bratislava  |b VŠE  |c 1990 
300 |a 511 s. 
100 1 |a Thomas, Gustáv 
700 1 |a Jusko, Marián 
710 2 |a Vysoká škola ekonomická v Bratislave. Národohospodárska fakulta